000 00671nam a22002297a 4500
005 20170124110042.0
010 _a841221
020 _c00.00
035 _a841221
037 _bCen Lib/Ret
040 _aDPL
_bEN
082 _a881.08
_bCHA
245 _aThe charm of poetry /
_cedited by J.D. Bevington; illustrated by D. Wilson
260 _aLondon
_bGinn and Company
_c1949
270 _aqueen square
_bLondon
300 _axxviii, 316p.
_c17cm(Hb)
650 _aEnglish literature
_923866
650 _aAttributes of poetry
_923867
700 _aBevington, J.D.
_923864
700 _aWilson, D.
_923865
942 _2ddc
_cEN
_h881.08
_mCHA
999 _c128595
_d128595